| 000 | 00587nam a2200193Ia 4500 | ||
|---|---|---|---|
| 003 | OSt | ||
| 005 | 20240422114904.0 | ||
| 008 | 210210b1969 xxu||||| |||| 00| 0 eng d | ||
| 040 | _cAL | ||
| 041 | _aSanskrit | ||
| 082 | _aS891.6 VENA | ||
| 100 |
_aVENKATANATHACHARYA (N S). _dवेन्तनथचार्य (येन येस) _9161898 |
||
| 245 |
_aAdvayatarakopanisat. _bअद्वयतरकोपनिसत् |
||
| 260 |
_aMysore _bOriental research institute _c1969 |
||
| 300 | _a6 | ||
| 690 |
_aSanskrit Prakirana _9161899 |
||
| 906 | _a045825 | ||
| 942 |
_2ddc _cBK |
||
| 999 |
_c95205 _d95205 |
||